Marketing Through Five Senses: on the Use of Sensory Marketing in Marketing Communications
Marketingová komunikácia využívá zmyslové vnímanie príjemcov najmä pomocou vizuálnych a sluchových impulzov. Senzorický marketing je zameraný zvlášť na rozšírenie portfólia vnímaných vnemov o zapájaní ďaľších ľudských zmyslov: chuti, čuchu či hmatu.
Guardado en:
| Autor principal: | |
|---|---|
| Formato: | Capítulo de libro |
| Lenguaje: | inglés |
| Materias: | |
| Etiquetas: |
Sin Etiquetas, Sea el primero en etiquetar este registro!
|
MARC
| LEADER | 00000naa a2200000 4500 | ||
|---|---|---|---|
| 001 | 0250113 | ||
| 005 | 20190415122336.4 | ||
| 041 | 0 | |a eng | |
| 044 | |a SK | ||
| 245 | 1 | 0 | |a Marketing Through Five Senses: on the Use of Sensory Marketing in Marketing Communications |c Pavel Štrach |
| 520 | |a Marketingová komunikácia využívá zmyslové vnímanie príjemcov najmä pomocou vizuálnych a sluchových impulzov. Senzorický marketing je zameraný zvlášť na rozšírenie portfólia vnímaných vnemov o zapájaní ďaľších ľudských zmyslov: chuti, čuchu či hmatu. | ||
| 610 | 2 | 0 | |a stratégia marketingová |
| 610 | 2 | 0 | |a marketing |
| 610 | 2 | 0 | |a zákazníci |
| 610 | 2 | 0 | |a nástroje marketingové |
| 100 | 1 | |a Štrach, Pavel | |